| 000 | 01097nam a22002537a 4500 | ||
|---|---|---|---|
| 005 | 20081106145247.0 | ||
| 008 | 081106t xxu||||| |||| 00| 0 ur d | ||
| 010 | _aUR-7433 | ||
| 020 |
_a8182232953 _c160.00 |
||
| 035 | _aU-5988 | ||
| 037 | _bD.B.Act / Pub | ||
| 082 | _a844 | ||
| 100 | _aافضل علی | ||
| 245 |
_aتخيلات _cافضل علی :مرتبہ قر ۃ العين حيدر _bمجمو عہء مضامين |
||
| 246 |
_aTakhayyulaat(Majmua-e-Mazameen) _bby Syed Afzal Ali |
||
| 260 |
_aدھلی _bايجو کيشنل پبليشنگ ہا ؤس _c2007 |
||
| 270 |
_a3108،وکيل اسٹر يٹ کو چہ پنڈ ت لال کنو اں _bدھلی _e110006 _k23216162 _l009101123211540 _minfo@phbooks.com,ephdelhi@yahoo.com |
||
| 300 |
_a191p. _c22 cm (Pbk) |
||
| 650 | _aCritical Articles | ||
| 650 | _aمجموعہء مضامين | ||
| 700 | _aمرتبہ قرۃالعين حيدر | ||
| 942 |
_adpl _cUR _2ddc _h844 _mق ر ۃ |
||
| 999 |
_c7226 _d7226 |
||